Bundesliga 2026/27 - Statystyki

Ogólne statystyki
  • Ten quiz został rozwiązany 361 razy
    34 od ostatniego zresetowania
  • Średni wynik to 13 z 18
Statystyki odpowiedzi
Drużyna % Poprawnych
Bayer Leverkusen
100%
Borussia Dortmund
97%
Bayern Monachium
93%
1. FC Köln
87%
RB Lipsk
87%
Borussia Mönchengladbach
80%
Hamburger SV
80%
Schalke 04
77%
Werder Brema
73%
Eintracht Frankfurt
70%
Union Berlin
70%
1. FSV Mainz 05
67%
Freiburg
67%
Hoffenheim
67%
Paderborn
67%
VfB Stuttgart
67%
Augsburg
57%
Elversberg
30%
Nie znaleziono quizów pasujących do podanych kryteriów
Rozkład punktacji
Procent ludzi z każdym wynikiem
Percentyl według liczby udzielonych odpowiedzi
Twoja historia wyników
Nie rozwiązałeś tego quizu od ostatniego zresetowania